000 00208 a2200109 4500
020 _a0763522384
041 _aspa
100 _aMitton, Tony
245 _aEl mueneco de nieve
942 _cBK
999 _c29597
_d29595
999 _d29595